Pays visités par Tintin - Mort subite - Statistiques

Statistiques générales
  • Ce quiz a été pris 1 571 fois
  • Le résultat moyen est 8 sur 17
Answers on the Grid
Answers color-coded by a green-red scale on the quiz's grid according to % correct below.
Belgique
France
Pérou
États-Unis
Islande
Suisse
Chine
Egypte
R. D. Congo
Royaume-Uni
Russie
Inde
Indonésie
Népal
Syldavie
San Théodoros
Khemed
Japon
Roumanie
Canada
Afrique du Sud
Philippines
Jamaïque
Sénégal
Suède
Portugal
Turquie
Chili
Listenbourg
Palombie
 
Statistiques - réponses
Réponse % Correct
Dans Tintin au Congo R. D. Congo
72%
Dans Tintin en Amérique États-Unis
64%
Dns l'Oreille Cassée, Les Sept Boules de Cristal... France
64%
Dans Tintin au pays des Soviets, Les Bijoux de la Castafiore... Belgique
63%
Dans Le Lotus bleu Chine
60%
Dans Tintin au Tibet Népal
59%
Dans Les Cigares du Pharaon Egypte
57%
Dans Le Temple du Soleil Pérou
57%
Dans Tintin au pays des Soviets Russie
54%
Dans Le Sceptre d'Ottokar Syldavie
54%
Dans Les Cigares du Pharaon, Le Lotus bleu Inde
43%
Dans L'Oreille cassée San Théodoros
41%
Dans L'île Noire Royaume-Uni
37%
Dans L'Affaire Tournesol Suisse
36%
Dans Tintin au pays de l'or noir, Coke en stock Khemed
32%
Dans L'Étoile mystérieuse Islande
22%
Dans Vol 714 pour Sydney Indonésie
21%
Aucun quiz correspondant
Distribution des résultats
% des personnes avec chaque résultat
Percentile par nombre de réponses
Votre historique - résultats
Vous n’avez pas pris ce quiz